000 01293nam a2200337 i 4500
001 000049036
003 DO-SdBNP
005 20260521125945.0
007 ta
008 190715s2006 dr a r 000 0 spa d
020 _a9945423045
040 _aDO-SdBNP
_bspa
_cBNPHU
_erda
082 _a634.961097293
_bR621e
_223
100 1 _aRivera Valdez, Yrvin A.
_eautor
_976442
245 1 0 _aEstudio bitemporal de la deforestación en la República Dominicana usando sensores remotos /
_cYrvin A. Rivera Valdez, Rubén Montás Domínguez.
264 _aSanto Domingo :
_bUNAPEC,
_c2006
300 _a81 páginas :
_bilustraciones ;
_c21 cm
336 _ardacontent
_btexto
_2txt
337 _ardamedia
_bsin mediación
_2n
338 _ardacarrier
_bvolumen
_2nc
490 1 _aUnapec por un mundo mejor
490 1 _aTecnología
_v2
590 _aInventariado, 2019/BT/Validado, 2026/YGD/
650 7 _2Lemb
_aSilvicultura
_zRepública Dominicana
_989691
650 7 _2Lemb
_aConservación de Bosques
_zRepública Dominicana
_989692
650 7 _2Lemb
_aConservacion de recursos naturales
_vInvestigación
_zRepública Dominicana
_989693
700 1 _aMontás Domínguez, Rubén
_976443
830 0 _aUnapec por un mundo mejor
_pTecnología
_n2
_976444
910 _aBTavarez
942 _2ddc
_cLBS1
_e23
999 _c48524
_d48524